000 00664nam a2200169Ia 4500
003 GCL
008 140319s9999 xx 000 0 ara d
040 _aGCL /
_cGCL
082 0 4 _a823.0876
_bا م
245 1 0 _aالموسوعة العملية المصورة :
_bمج 1 سيد الاكسورس \ مج 2 نمور المجرة \ مج 3 رمال اوراغون \ مج 4 بيرابنور\ مج 5 الهدف اصطدام\ مج 6 نهاية العالم
260 _aفرنسا :
_bالمنشورات الشرقية
300 _aمتعدد ؛
_c28 سم
490 _a100 قصة
_v0
650 0 4 _aالاطفال
650 0 4 _aقصص الاطفال
942 _2ddc
_cBK
999 _c44893
_d44893